000
00269nam a22001217a 4500
082
_a
920
_b
MEN/A
100
_a
MENON A.K
245
_a
BIOGRAPHY OF DR.B.R AMBEDKAR
260
_a
MEERUT
_b
VARUN PUBLISHING HOUSE
300
_a
96
650
_a
BIOGRAPHY
_z
INDIA
942
_c
BK
999
_c
5788
_d
5788